RICS construction market survey (Record no. 114241)

MARC details
000 -LEADER
fixed length control field 01041cad a22002175a 4500
001 - CONTROL NUMBER
control field L156405
008 - FIXED-LENGTH DATA ELEMENTS--GENERAL INFORMATION
fixed length control field 120214s2012 xxk 000 0 eng d
035 ## - SYSTEM CONTROL NUMBER
System control number (Sirsi) u156405
041 0# - LANGUAGE CODE
Language code of text/sound track or separate title eng
050 ## - LIBRARY OF CONGRESS CALL NUMBER
Classification number 338.47624 $2 18
110 2# - MAIN ENTRY--CORPORATE NAME
Corporate name or jurisdiction name as entry element Royal Institution of Chartered Surveyors
Subordinate unit Economics
9 (RLIN) 5033
245 00 - TITLE STATEMENT
Title RICS construction market survey
Remainder of title United Kingdom, first quarter 2012
Medium [electronic resource]
260 ## - PUBLICATION, DISTRIBUTION, ETC.
Place of publication, distribution, etc. London
Name of publisher, distributor, etc. RICS
Date of publication, distribution, etc. 2012
490 ## - SERIES STATEMENT
Series statement RICS Construction Market Survey United Kingdom
Volume/sequential designation First Quarter 2012
520 ## - SUMMARY, ETC.
Summary, etc. The Q1 2012 Construction Market Survey shows Total workloads edge upwards after two quarters of decline and private sector workloads rise while the public sector remains weak. Forward looking indicators on workloads and employment turn are more positive.
590 ## - LOCAL NOTE (RLIN)
Local note KA
651 #4 - SUBJECT ADDED ENTRY--GEOGRAPHIC NAME
Geographic name United Kingdom
Chronological subdivision
690 ## - LOCAL SUBJECT ADDED ENTRY--TOPICAL TERM (OCLC, RLIN)
Topical term or geographic name as entry element Construction management
9 (RLIN) 6230
856 40 - ELECTRONIC LOCATION AND ACCESS
Uniform Resource Identifier <a href="https://www.rics.org/site/download_feed.aspx?fileID=11930&fileExtension=PDF">https://www.rics.org/site/download_feed.aspx?fileID=11930&fileExtension=PDF</a>
Public note View the report free of charge at www.rics.org.
942 ## - ADDED ENTRY ELEMENTS (KOHA)
Suppress in OPAC 0
Holdings
Withdrawn status Lost status Source of classification or shelving scheme Damaged status Not for loan Home library Current library Shelving location Date acquired Total Checkouts Full call number Barcode Date last seen Copy number Price effective from Koha item type
    Dewey Decimal Classification     Virtual Virtual Online 17/05/2012   ONLINE PUBLICATION 154446-2012 06/08/2019 1 06/08/2019 Book